Statistics for Norges fem høyeste fjelltopper

Click here to take the quiz!

General Stats

  • This quiz has been taken 31 times
  • The average score is 2 of 5

Answer Stats

Answer% Correct
Galdhøpiggen
100%
Glittertind(en)
86%
Store Skagastølstind(storen)
29%
Store Styggedalstind(ane)
14%
Skardstinden, Store
7%

Score Distribution

Percentile by Number Answered

Percent of People with Each Score

Your Score History

You have not taken this quiz